| LEADER | 00514nam a2200193Ia 4500 | ||
|---|---|---|---|
| 001 | CTU_67605 | ||
| 008 | 210402s9999 xx 000 0 und d | ||
| 020 | |b 22 | ||
| 082 | |a 571.917 | ||
| 082 | |b P298 | ||
| 245 | 4 | |a The pathology of fishes | |
| 245 | 0 | |c Edited by William E. Ribelin and George Migaki | |
| 260 | |a London | ||
| 260 | |b The University of Wisconsin Press | ||
| 260 | |c 1975 | ||
| 650 | |a Fishes | ||
| 650 | |x Diseases | ||
| 904 | |i Minh | ||
| 980 | |a Trung tâm Học liệu Trường Đại học Cần Thơ | ||